Real analysis

Αποθηκεύτηκε σε:
Λεπτομέρειες βιβλιογραφικής εγγραφής
Κύριος συγγραφέας: Royden, H. L.
Μορφή: Βιβλίο
Γλώσσα:English
Δημοσίευση: New York : London : Englewood Cliffs, N.J. : Macmillan ;, Collier Macmillan ;, Prentice Hall, c1988
Έκδοση:3rd ed.
Θέματα:
Ετικέτες: Προσθήκη ετικέτας
Δεν υπάρχουν, Καταχωρήστε ετικέτα πρώτοι!

MARC

LEADER 00000nam a2200000 i 4500
001 1/57904
008 941103s1988 eng d
020 |a 0024041513 
020 |a 0029466202 
035 |a 1993  |c ΜΥΡΙΤΖΗΣ  |l 10045817 
035 |1 ΕΛΗ  |a 1995  |b 2410  |c ΚΕΡΕΜΙΔΗΣ 
040 |a GR-MY-UA  |b gre  |e aacr 
041 0 |a eng 
082 0 |a 515.8 
100 1 |a Royden, H. L. 
245 1 0 |a Real analysis /  |c H.L. Royden 
250 |a 3rd ed. 
260 |a New York :   |a London :   |a Englewood Cliffs, N.J. :   |b Macmillan ;,   |b Collier Macmillan ;,   |b Prentice Hall,   |c c1988 
300 |a xvii, 444 p.;  |c 25 cm. 
504 |a Includes bibliographical references and indexes 
650 0 0 |a Measure theory. 
650 0 0 |a Functions of real variables. 
650 0 0 |a Functional analysis. 
852 |a INST  |b SAMOS  |e 19941103  |h 515.8 ROY  |p 005300001296  |q 005300001296  |t BK  |y 0 
852 |a INST  |b SAMOS  |e 19941103  |h 515.8 ROY  |p 005300001297  |q 005300001297  |t BK  |y 12 
852 |a INST  |b SAMOS  |e 19941103  |h 515.8 ROY  |p 005300001298  |q 005300001298  |t BK  |y 0 
852 |a INST  |b SAMOS  |e 19941103  |h 515.8 ROY  |p 005300004254  |q 005300004254  |t BK  |y 0 
852 |a INST  |b SAMOS  |e 19941103  |h 515.8 ROY  |p 005300004439  |q 005300004439  |t BK  |y 0 
852 |a INST  |b SAMOS  |e 19971209  |h 515.8 ROY  |p 005300011989  |q 005300011989  |t BK  |y 23 
852 |a INST  |b SAMOS  |e 19951030  |h 515.8 ROY  |p 005300012046  |q 005300012046  |t BK  |y 0 
852 |a INST  |b SAMOS  |e 19981012  |h 515.8 ROY  |p 005300014059  |q 005300042315  |t BK  |y 0 
852 |a INST  |b SAMOS  |e 19981012  |h 515.8 ROY  |p 005300014060  |q 005300014060  |t BK  |y 0 
852 |a INST  |b SAMOS  |e 19981012  |h 515.8 ROY  |p 005300014061  |q 005300014061  |t BK  |y 4  |x 20200121 
852 |a INST  |b SAMOS  |e 19981012  |h 515.8 ROY  |p 005300014062  |q 005300014062  |t BK  |y 0 
852 |a INST  |b SAMOS  |e 19941103  |h 515.8 ROY  |p 005300014107  |q 005300014107  |t BK  |y 12 
852 |a INST  |b SAMOS  |e 20010203  |h 515.8 ROY  |p 005300022044  |q 005300022044  |t BK  |y 0 
852 |a INST  |b SAMOS  |e 20010203  |h 515.8 ROY  |p 005300022045  |q 005300022045  |t BK  |y 0 
852 |a INST  |b SAMOS  |e 20010203  |h 515.8 ROY  |p 005300022046  |q 005300022046  |t BK  |y 0 
852 |a INST  |b SAMOS  |e 20010120  |h 515.8 ROY  |p 005300022458  |q 005300022458  |t BK  |y 0 
852 |a INST  |b SAMOS  |e 20010120  |h 515.8 ROY  |p 005300022459  |q 005300022459  |t BK  |y 4  |x 20200312 
901 |a BIBl3-1998-3 
901 |a BIBL3-2001-1 
909 |a Σ  |b 081885 
909 |a Σ  |b 081884 
909 |a Σ  |b 025202 
909 |a Σ  |b 081511 
909 |a Σ  |b 025204 
909 |a Σ  |b 010967 
909 |a Σ  |b 025201 
909 |a Σ  |b 025203 
909 |a Σ  |b 025904 
909 |a Σ  |b 059284 
909 |a Σ  |b 051490 
909 |a Σ  |b 051491 
909 |a Σ  |b 059285 
909 |a Σ  |b 059286 
909 |a Σ  |b 059287 
909 |a Σ  |b 081510 
909 |a Σ  |b 081883 
922 |a 3ΕΛΗ  |b 199809  |c ΚΠΣ  |d ΠΑΠΑΣΩΤΗΡΙΟΥ 
922 |a 3ΕΛΗ  |b 200010  |c ΤΣΑΕ  |d ΠΑΠΑΣΩΤΗΡΙΟΥ 
970 |a ΠΟΥΡΝΑΡΑΣ  |b ΔΗΜΗΤΡΗΣ  |z 2001/01/20